[Event "Budapest FS11 GM"]
[Site "Budapest"]
[Date "2003.11.02"]
[Round "2"]
[White "Kayumov, Sergey"]
[Black "Kallio, Heikki"]
[Result "1/2-1/2"]
[WhiteElo "2434"]
[BlackElo "2493"]
[PlyCount "121"]
[EventDate "2003.11.01"]
[EventType "tourn"]
[EventRounds "13"]
[EventCountry "HUN"]
[EventCategory "8"]
[SourceTitle "EXT 2004"]
[Source "ChessBase"]
[SourceDate "2003.11.25"]
[SourceVersion "1"]
[SourceVersionDate "2003.11.25"]
[SourceQuality "1"]

1. e4 e5 2. Nf3 Nc6 3. Bc4 Bc5 4. c3 Nf6 5. d3 a6 6. Bb3 Ba7 7. 0-0 d6 8. Be3 h6 9. Nbd2 0-0 10. h3 Re8 11. Re1 Bxe3 12. fxe3 Be6 13. Bc2 Ne7 14. Nf1 c6 15. Ng3 Qb6 16. b3 Rad8 17. Qe2 Ng6 18. d4 c5 19. d5 Bc8 20. Nd2 Qa5 21. Nc4 Qc7 22. a4 Ne7 23. Rf1 Nh7 24. Qh5 Rf8 25. a5 Bd7 26. Nb6 Be8 27. Qg4 Bd7 28. Qh5 Be8 29. Qe2 Kh8 30. Rf2 Nc8 31. Nxc8 Rxc8 32. Bd3 g6 33. Nf1 Rb8 34. Nd2 Qe7 35. Raf1 b5 36. axb6 Rxb6 37. Bxa6 h5 38. Bd3 f6 39. Ra1 Bd7 40. Ra7 Rfb8 41. Rf1 Kg7 42. Rfa1 Kh6 43. R1a6 Ng5 44. Rxb6 Rxb6 45. Qd1 f5 46. exf5 e4 47. f6 Qxf6 48. Nxe4 Nxe4 49. Bxe4 Bc8 50. Qc2 Rb8 51. Bd3 Qg5 52. Qf2 Bxh3 53. Qf4 Qxf4 54. exf4 Bf5 55. Bxf5 gxf5 56. Ra6 Rxb3 57. Rxd6+ Kg7 58. Rd7+ Kf6 59. Rd6+ Kg7 60. Rc6 Rxc3 61. Kf2 1/2-1/2

[Event "Budapest FS11 GM"]
[Site "Budapest"]
[Date "2003.11.01"]
[Round "1"]
[White "Kallio, Heikki"]
[Black "Ionescu, Mihai"]
[Result "1-0"]
[WhiteElo "2493"]
[BlackElo "2366"]
[PlyCount "135"]
[EventDate "2003.11.01"]
[EventType "tourn"]
[EventRounds "13"]
[EventCountry "HUN"]
[EventCategory "8"]
[SourceTitle "EXT 2004"]
[Source "ChessBase"]
[SourceDate "2003.11.25"]
[SourceVersion "1"]
[SourceVersionDate "2003.11.25"]
[SourceQuality "1"]

1. e4 e5 2. Nf3 Nf6 3. Nc3 Bb4 4. Nxe5 0-0 5. Be2 Re8 6. Nd3 Bxc3 7. dxc3 Nxe4 8. 0-0 d6 9. a4 a5 10. Re1 Bf5 11. Bf1 Nd7 12. Be3 Nef6 13. f3 Ne5 14. Bd4 Nfd7 15. b3 Nc6 16. Bf2 Qf6 17. Qd2 Nde5 18. Kh1 Ng6 19. Be3 h6 20. Nf2 Nge5 21. h3 Qh4 22. f4 Ng6 23. Kh2 Qf6 24. g3 Nf8 25. Bg2 h5 26. Bf3 g6 27. Kg2 Bd7 28. b4 axb4 29. cxb4 Rxe3 30. Qxe3 Nxb4 31. Qb3 c5 32. c3 Be6 33. Qb2 d5 34. Rab1 Nc6 35. Qa3 h4 36. Rxb7 hxg3 37. Kxg3 Na5 38. Rbb1 Nc4 39. Qxc5 Qxc3 40. Rec1 Qa5 41. Qxa5 Rxa5 42. Rb4 Nd7 43. Nd3 Bf5 44. Be2 Nf6 45. Nf2 Nd6 46. Bg4 Nde4+ 47. Nxe4 Nxe4+ 48. Kg2 Nd6 49. Bxf5 Nxf5 50. Kf3 d4 51. Ke4 Ra6 52. Kd3 Re6 53. a5 Re3+ 54. Kc4 d3 55. Rb8+ Kg7 56. Rd8 Rxh3 57. Rxd3 Rh8 58. Ra1 Rc8+ 59. Kb5 Rb8+ 60. Kc5 Kf6 61. a6 Ng7 62. a7 Ne6+ 63. Kc6 Rc8+ 64. Kb7 Rc7+ 65. Kb6 Rc8 66. Rd7 Nxf4 67. Kb7 Re8 68. Rc1 1-0

[Event "EU-chT (Men) 14th"]
[Site "Plovdiv"]
[Date "2003.10.14"]
[Round "4.2"]
[White "Kallio, Heikki"]
[Black "Berkes, Ferenc"]
[Result "1/2-1/2"]
[WhiteElo "2493"]
[BlackElo "2616"]
[PlyCount "130"]
[EventDate "2003.10.10"]
[EventType "team-swiss"]
[EventRounds "9"]
[EventCountry "BUL"]
[SourceTitle "CBM 098"]
[Source "ChessBase"]
[SourceDate "2004.02.03"]
[SourceVersion "1"]
[SourceVersionDate "2004.02.03"]
[SourceQuality "1"]
[WhiteTeam "Finland"]
[BlackTeam "Hungary"]
[WhiteTeamCountry "FIN"]
[BlackTeamCountry "HUN"]

1. e4 c5 2. Nf3 d6 3. Nc3 a6 4. d4 cxd4 5. Nxd4 Nf6 6. Bg5 e6 7. Qd2 b5 8. a3 Bb7 9. f3 Nbd7 10. 0-0-0 Be7 11. h4 h6 12. Be3 Nb6 13. g4 Nfd7 14. Rg1 Bxh4 15. g5 Bxg5 16. Bxg5 hxg5 17. Rxg5 Qf6 18. f4 Rd8 19. f5 Ne5 20. Qg2 exf5 21. Rxf5 Qh6+ 22. Kb1 g6 23. Rf2 Qe3 24. Nf3 Rd7 25. Bd3 Rh5 26. Nxe5 dxe5 27. Rf6 Rg5 28. Qh2 Rh5 29. Qg2 Na4 30. Rxg6 Nxc3+ 31. bxc3 Bxe4 32. Rg8+ Ke7 33. Qg4 Qf3 34. Qxd7+ Kxd7 35. Be2+ Ke7 36. Bxf3 Bxf3 37. Rdd8 Bc6 38. Kc1 Rh6 39. Kd2 Rh2+ 40. Kd1 Rh1+ 41. Kd2 Rh2+ 42. Kd1 Ke6 43. Rd2 Rh3 44. Rd3 Rh1+ 45. Kd2 Rh2+ 46. Ke3 Rxc2 47. Rc8 Bg2 48. Rd2 Rxd2 49. Kxd2 f5 50. Rg8 Bc6 51. Kd3 f4 52. c4 bxc4+ 53. Kxc4 Bb5+ 54. Kc3 Kd5 55. Rg6 Ke4 56. Kd2 Kf5 57. Rg7 e4 58. Re7 Bd3 59. Rg7 Bc4 60. Re7 Bb5 61. Kc3 Bd3 62. Rg7 Bf1 63. Kd4 e3 64. Re7 e2 65. Kc3 f3 1/2-1/2